| 000 | 00623cam a22002171 4500 | ||
|---|---|---|---|
| 001 | sa 67006840 | ||
| 003 | DLC | ||
| 005 | 20260227112410.0 | ||
| 008 | 870908s1964 ii a 000 0 eng | ||
| 010 | _asa 67006840 | ||
| 025 | _aPL480:I-E-7303 | ||
| 035 | _a(OCoLC)16651235 | ||
| 040 |
_aDLC _cWaU _dWaU _dDLC |
||
| 042 | _apremarc | ||
| 050 | 0 | 0 |
_aPK2098.D56 _bW6 |
| 100 | 1 |
_aDivya, Ambikā Prasāda Varmā, _d1907-1986. |
|
| 245 | 1 | 4 | _aThe woman of Khajuraha. |
| 260 |
_aAjaigarh [India] _bSahitya Sadan _c[1964] |
||
| 300 |
_a111 p. _billus. _c22 cm. |
||
| 651 | 0 |
_aKhajurāho (India) _xDescription and travel _vPoetry. |
|
| 999 |
_c76191 _d76191 |
||